<?xml version="1.0" encoding="UTF-8"?>
<collection xmlns="http://www.loc.gov/MARC21/slim">
 <record>
  <leader>00831nam a2200241   4500</leader>
  <controlfield tag="001">000013863</controlfield>
  <controlfield tag="003">10210</controlfield>
  <controlfield tag="005">20150812150833.0</controlfield>
  <controlfield tag="008">120323s1993                           sd</controlfield>
  <datafield tag="245" ind1="0" ind2="0">
   <subfield code="a">Đại Việt sử ký toàn thư</subfield>
  </datafield>
  <datafield tag="260" ind1=" " ind2=" ">
   <subfield code="a">H.</subfield>
   <subfield code="b">Nxb. Khoa học xã hội</subfield>
   <subfield code="c">1993</subfield>
  </datafield>
  <datafield tag="774" ind1=" " ind2=" ">
   <subfield code="d">H.</subfield>
   <subfield code="d">Khoa học xã hội</subfield>
   <subfield code="d">1993</subfield>
   <subfield code="g">T.1</subfield>
   <subfield code="h">342tr</subfield>
   <subfield code="w">10212</subfield>
  </datafield>
  <datafield tag="774" ind1=" " ind2=" ">
   <subfield code="a">Lê Văn Hưu</subfield>
   <subfield code="d">Khoa học xã hội</subfield>
   <subfield code="d">H.</subfield>
   <subfield code="d">1993</subfield>
   <subfield code="g">T.2</subfield>
   <subfield code="h">528tr</subfield>
   <subfield code="w">10213</subfield>
  </datafield>
  <datafield tag="774" ind1=" " ind2=" ">
   <subfield code="a">Lê Văn Hưu</subfield>
   <subfield code="d">Khoa học xã hội</subfield>
   <subfield code="d">H.</subfield>
   <subfield code="d">1993</subfield>
   <subfield code="g">T.3</subfield>
   <subfield code="h">474tr</subfield>
   <subfield code="w">10214</subfield>
  </datafield>
  <datafield tag="774" ind1=" " ind2=" ">
   <subfield code="a">Lê Văn Hưu</subfield>
   <subfield code="d">Khoa học xã hội</subfield>
   <subfield code="d">H.</subfield>
   <subfield code="d">1993</subfield>
   <subfield code="g">T.4</subfield>
   <subfield code="h">673tr</subfield>
   <subfield code="t">Nguyên văn tiếng Hán</subfield>
   <subfield code="w">10215</subfield>
  </datafield>
  <datafield tag="OWN" ind1=" " ind2=" ">
   <subfield code="a">LSP</subfield>
  </datafield>
  <datafield tag="999" ind1=" " ind2=" ">
   <subfield code="a">From the UDN01</subfield>
  </datafield>
  <datafield tag="TYP" ind1=" " ind2=" ">
   <subfield code="a">Monograph</subfield>
  </datafield>
  <datafield tag="TYP" ind1=" " ind2=" ">
   <subfield code="a">Printed language</subfield>
  </datafield>
  <datafield tag="980" ind1=" " ind2=" ">
   <subfield code="a">Mạng thư viện Đại học Đà Nẵng</subfield>
  </datafield>
 </record>
</collection>
